El dinero (Registro nro. 4437)
[ vista simple ]
| 000 -LEADER | |
|---|---|
| fixed length control field | 01234 a2200217 4500 |
| 001 - CONTROL NUMBER | |
| control field | 47674 |
| 005 - DATE AND TIME OF LATEST TRANSACTION | |
| control field | 20260407155743.0 |
| 008 - FIXED-LENGTH DATA ELEMENTS--GENERAL INFORMATION | |
| fixed length control field | 260407a1996 arg spa d |
| 003 - CONTROL NUMBER IDENTIFIER | |
| control field | AR-UNSa-BCEJYS |
| 040 ## - CATALOGING SOURCE | |
| Original cataloging agency | AR-UNSa-BCEJYS |
| Language of cataloging | spa |
| Transcribing agency | AR-UNSa-BCEJYS |
| 080 ## - UNIVERSAL DECIMAL CLASSIFICATION NUMBER | |
| Universal Decimal Classification number | 336.741.2 |
| Common auxiliary subdivision | Naturaleza de la moneda. Teoría general del dinero |
| 020 ## - INTERNATIONAL STANDARD BOOK NUMBER | |
| International Standard Book Number | 950-9122-41-6 |
| 100 1# - MAIN ENTRY--PERSONAL NAME | |
| Personal name | Galbraith, John Kenneth |
| 245 10 - TITLE STATEMENT | |
| Title | El dinero |
| 264 #1 - PRODUCTION, PUBLICATION, DISTRIBUTION, MANUFACTURE, AND COPYRIGHT NOTICE | |
| Place of production, publication, distribution, manufacture | Barcelona : |
| Name of producer, publisher, distributor, manufacturer | Ediciones Ariel |
| Date of production, publication, distribution, manufacture, or copyright notice | 1996 |
| 300 ## - PHYSICAL DESCRIPTION | |
| Extent | 299 p. |
| Dimensions | 22 cm. |
| 505 ## - FORMATTED CONTENTS NOTE | |
| Formatted contents note | 1. El dinero - 2. Monedas y tesoros - 3. Bancos - 4. El banco - 5. El papel - 6. Un instrumento de revolución - 7. La guerra del dinero - 8. El gran compromiso - 9. El precio - 10. El sistema impecable - 11. La caída - 12. La inflación final - 13. Heridas por propia manos - 14. Cuando el dinero se detuvo - 15. La amenaza de lo imposible - 16. El advenimiento de J. M. Keynes - 17. La guerra y la elección siguiente - 18. Los buenos años: la preparación - 19. El cenit de la nueva economía - 20. Dinero y política - 21. A partir de los ochenta. |
| 590 ## - LOCAL NOTE (RLIN) | |
| Local note | niveau_biblio:m niveau_hierar:0 |
| 856 41 - ELECTRONIC LOCATION AND ACCESS | |
| Uniform Resource Identifier | <a href="https://biblioeco.unsa.edu.ar/pmb/images/libros/L127638.jpg">https://biblioeco.unsa.edu.ar/pmb/images/libros/L127638.jpg</a> |
| Link text | Imagen de portada |
| Electronic format type | image/jpeg |
| 942 ## - ADDED ENTRY ELEMENTS (KOHA) | |
| Koha item type | |
| Withdrawn status | Lost status | Damaged status | Not for loan | Home library | Current library | Shelving location | Date acquired | Total checkouts | Full call number | Barcode | Date last seen | Price effective from | Koha item type |
|---|---|---|---|---|---|---|---|---|---|---|---|---|---|
| Biblioteca Prof. Eusebio Cleto del Rey | Biblioteca Prof. Eusebio Cleto del Rey | 07/04/2026 | 336.741.2 G148 | L127638 | 07/04/2026 | 07/04/2026 | Libro |